[Event "Titled Tue 3rd Sep Early"]
[Site "chess.com INT"]
[Date "2024.09.03"]
[Round "8"]
[White "Svane, R."]
[Black "Andreikin, D."]
[Result "1-0"]
[WhiteElo "2629"]
[BlackElo "2729"]
[PlyCount "119"]
[EventDate "2024.09.03"]

1. Nf3 Nf6 2. g3 b5 3. Bg2 Bb7 4. d4 e6 5. Bg5 c5 6. O-O cxd4 7. Nxd4 Bxg2 8. Kxg2 a6 9. e4 h6 10. Bxf6 Qxf6 11. c3 Nc6 $146 ({RR} 11... Qe5 12. Nd2 Bc5 13. Re1 O-O 14. N4f3 Qc7 15. e5 d5 16. exd6 Bxd6 17. Ne4 Be7 18. Nd4 Nc6 19. Nxc6 Qxc6 20. Qf3 Rac8 21. Rad1 a5 22. Rd4 f5 23. Nd2 Bf6 24. Rd3 b4 25. cxb4 axb4 26. b3 {Svane,R (2624)-Shubin,K (2455) chess.com INT 2025 0-1 (69)}) 12. a4 b4 13. Nxc6 dxc6 14. Qd3 Be7 15. Qc4 O-O 16. Nd2 Rfb8 17. Nf3 g5 18. h3 c5 19. Rad1 Ra7 20. Rd2 Rab7 21. Rfd1 bxc3 22. bxc3 Rb3 23. e5 Qf5 24. g4 Qf4 25. Qxf4 gxf4 26. Rd7 Bf8 27. Nd2 Rxc3 28. Ne4 Rcb3 29. Nf6+ Kg7 30. Nh5+ Kg8 31. Ra7 R3b7 32. Rxa6 Rc8 33. a5 c4 34. Rb6 Rxb6 35. axb6 Rb8 36. Rc1 Rxb6 37. Rxc4 Rb5 38. Rc8 Rc5 39. Nf6+ Kg7 40. Rxf8 Rxe5 41. Nd7 Rd5 42. Rd8 Rd3 43. h4 e5 44. f3 Rd2+ 45. Kf1 e4 46. fxe4 f3 47. e5 f2 48. h5 Rd4 49. Kxf2 Rd3 50. Ke2 Rd4 51. Ke3 Rd1 52. Ke4 Rd2 53. Kf5 Rf2+ 54. Ke4 Rd2 55. Ke3 Rd1 56. e6 fxe6 57. Nc5 Re1+ 58. Kf3 Kf6 59. Rg8 Ke5 60. Nd3+ 1-0

[Event "Titled Tue 3rd Sep Early"]
[Site "chess.com INT"]
[Date "2024.09.03"]
[Round "9"]
[White "Santos Latasa, J."]
[Black "Kobalia, M."]
[Result "1-0"]
[WhiteElo "2624"]
[BlackElo "2543"]
[PlyCount "99"]
[EventDate "2024.09.03"]

1. Nf3 d5 2. e3 Nf6 3. c4 c6 4. Qc2 Bg4 5. Ne5 ({RR} 5. d4 e6 6. Nbd2 Nbd7 7. Bd3 Bd6 8. h3 Bh5 9. b3 Bg6 10. Bxg6 hxg6 11. Bb2 a5 12. a3 b5 13. O-O a4 14. cxb5 cxb5 15. bxa4 bxa4 16. Rfb1 O-O 17. Bc3 Qc7 18. Qd3 Rfb8 19. Rc1 Qd8 {Nakamura,H (2789)-Kazakouski,V (2608) chess.com INT 2024 1-0 (73)}) 5... Bh5 6. cxd5 Nxd5 ({RR} 6... Qxd5 7. d4 e6 8. Nc3 Bb4 9. Bd2 Bxc3 10. bxc3 Nbd7 11. Nd3 Bg6 12. f3 Qd6 13. e4 e5 14. Be3 O-O 15. Be2 Rfe8 16. O-O Qc7 17. Bf2 Rad8 18. Kh1 b6 19. Bg3 Nh5 20. Bxe5 Nxe5 21. Nxe5 {Santos Latasa,J (2632)-Masruri,R (2327) chess.com INT 2025 1-0 (36)}) 7. Qf5 Nf6 $146 ({RR} 7... Bg6 8. Nxg6 hxg6 {½-½ (8) Papin,V (2546)-Korneev,O (2602) Sochi 2012}) 8. d4 Nbd7 9. Nxd7 Qxd7 10. Qxd7+ Nxd7 11. Nc3 e6 12. Bd2 Rc8 13. Rc1 Be7 14. Be2 Bxe2 15. Kxe2 O-O 16. Rc2 e5 17. dxe5 Nxe5 18. f4 Nc4 19. Bc1 Rfd8 20. Rd1 Kf8 21. e4 f6 22. b3 Rxd1 23. Nxd1 Nd6 24. Nf2 Nb5 25. Be3 Rd8 26. Rc4 Na3 27. Rc1 Nb5 28. Nd3 Nd4+ 29. Bxd4 Rxd4 30. Ke3 Rd8 31. a4 a5 32. g4 Kf7 33. h4 h6 34. h5 Ke6 35. Rc4 Ba3 36. e5 fxe5 37. fxe5 Rf8 38. Nf4+ Kd7 39. e6+ Kd6 40. Rd4+ Kc7 41. Rd7+ Kc8 42. Ke4 Bc1 43. Rf7 Re8 44. Nd3 Bg5 45. Kf5 Rd8 46. Ne5 Rd5 47. Rxg7 Kd8 48. Rxb7 Ke8 49. Ke4 Rd1 50. Nxc6 1-0

[Event "Julius Baer WSCC 2024"]
[Site "chess.com INT"]
[Date "2024.09.04"]
[Round "3.2"]
[White "Ju, Wenjun"]
[Black "Lagno, Kateryna"]
[Result "1-0"]
[WhiteElo "2563"]
[BlackElo "2532"]
[PlyCount "63"]
[EventDate "2024.08.22"]
[EventType "k.o."]

1. Nf3 Nf6 2. e3 g6 3. d4 Bg7 4. c4 O-O 5. Be2 d6 6. Nc3 a5 7. O-O Nc6 ({RR} 7... Na6 8. a3 Bf5 9. Qb3 Rb8 10. Nh4 Bd7 11. Nf3 Bf5 12. Nh4 Bd7 13. Nf3 {½-½ (13) Mamedyarov,S (2776)-Dubov,D (2711) Berlin 2022}) ({RR} 7... Nbd7 8. Qc2 e5 9. Rd1 exd4 10. exd4 Re8 11. Ng5 c6 12. Nge4 Nxe4 13. Nxe4 Nf6 14. Bg5 Rxe4 15. Qxe4 Nxe4 16. Bxd8 Bf5 17. Bc7 c5 18. dxc5 dxc5 19. Rd8+ Rxd8 20. Bxd8 a4 21. g4 Be6 22. Be7 {Molina Cruz,J (1708)-Anderson,C Reykjavik ISL 2024 1-0 (35)}) 8. d5 Nb8 $146 ({RR} 8... Nb4 9. e4 Bd7 10. Rb1 a4 11. Nd4 Na6 12. Be3 Nc5 13. f3 c6 14. Qd2 Qa5 15. Rfd1 cxd5 16. exd5 Rfc8 17. g4 Qd8 18. Kg2 Ne8 19. Bh6 e5 20. dxe6 Nxe6 21. Bxg7 Kxg7 22. Ne4 Nc5 23. Ng3 {Hamacher,C-Schirmer,W (1912) Walsrode GER 2023 1-0 (41)}) 9. e4 e5 10. dxe6 Bxe6 11. Nd4 Bd7 12. Be3 Nc6 13. f3 Re8 14. Qd2 a4 15. Rad1 Ne5 16. Ndb5 Be6 17. b3 axb3 18. axb3 Bd7 19. Kh1 Bxb5 20. cxb5 Qe7 21. b6 cxb6 22. Qxd6 Ned7 23. Bb5 Qxd6 24. Rxd6 Rec8 25. Na4 Rc7 26. Nxb6 Nxb6 27. Bxb6 Rc2 28. Bc4 h6 29. e5 Nh5 30. e6 fxe6 31. Rxe6 Nf4 32. Re8+ 1-0

[Event "45th Olympiad 2024"]
[Site "Budapest HUN"]
[Date "2024.09.13"]
[Round "3.9"]
[White "Pantsulaia, L."]
[Black "Movahed, Sina"]
[Result "1-0"]
[WhiteElo "2516"]
[BlackElo "2528"]
[PlyCount "95"]
[EventDate "2024.09.11"]
[WhiteTeam "Georgia"]
[BlackTeam "Iran"]
[WhiteTeamCountry "GEO"]
[BlackTeamCountry "IRI"]

1. Nf3 d5 2. g3 Nf6 3. Bg2 c5 4. O-O e6 5. d3 Nc6 6. Nbd2 Be7 7. e4 O-O 8. Re1 Qc7 9. e5 Nd7 10. Qe2 b5 11. h4 a5 12. Nf1 a4 13. a3 ({RR} 13. N1h2 a3 14. b3 c4 15. d4 Nb4 16. Bg5 Bxg5 17. hxg5 Ba6 18. Qd2 Qa5 19. Bf1 Rfc8 20. c3 Nd3 21. b4 Qc7 22. Re3 Nb2 23. Ng4 Nf8 24. Kg2 Ng6 25. Be2 Ne7 26. Bd1 Nf5 27. Re1 Kf8 {Amin,B (2694)-Erigaisi,A (2710) Biel SUI 2023 0-1 (44)}) 13... b4 14. Bf4 ({RR} 14. h5 h6 15. Bf4 bxa3 16. bxa3 Rb8 17. Ne3 Nd4 18. Nxd4 cxd4 19. Ng4 Re8 20. Nf6+ Bxf6 21. exf6 e5 22. fxg7 Kxg7 23. Bxd5 Nf6 24. Bxe5 Rxe5 25. Qxe5 Qxe5 26. Rxe5 Rb5 27. Rae1 Nxd5 28. R1e4 Be6 {Quesada Perez,Y (2570)-Nandhidhaa,P (2380) chess.com INT 2025 1-0 (50)}) 14... Ba6 15. Ne3 Qa5 $146 ({RR} 15... bxa3 16. bxa3 Qa5 17. c4 Nd4 18. Nxd4 cxd4 19. Nxd5 exd5 20. Bxd5 Nc5 21. Bd2 Qc7 22. Qg4 Bc8 23. Qh5 Rb8 24. Bb4 Be6 25. Bxc5 Qxc5 26. Be4 g6 27. Qh6 Rb6 28. f4 Rfb8 29. h5 Bf8 30. Qg5 {Antunes,L (2045)-Fernandez Cano,V (2007) chess.com INT 2024 0-1 (58)}) 16. h5 bxa3 17. bxa3 Nd4 18. Qd1 h6 19. c4 dxc4 20. Nxc4 Bxc4 21. Nxd4 cxd4 22. dxc4 Rad8 23. Bd2 Qc7 24. Qxa4 Rb8 25. Qc6 Qa7 26. Bb4 Rfc8 27. Qe4 Bxb4 28. axb4 Qb6 29. Bf1 Qxb4 30. Bd3 Nf8 31. Qxd4 Rd8 32. Qe3 Rbc8 33. Reb1 Qe7 34. Ra7 Rc7 35. Rba1 Rcd7 36. Be2 Rc8 37. Rxd7 Nxd7 38. Ra7 Qd8 39. Qd4 Nc5 40. Qxd8+ Rxd8 41. Rc7 Na6 42. Rc6 Nb8 43. Rd6 Rc8 44. Bf3 Kf8 45. Bb7 Rxc4 46. Rd8+ Ke7 47. Rxb8 Rb4 48. f4 1-0

[Event "45th Olympiad 2024"]
[Site "Budapest HUN"]
[Date "2024.09.16"]
[Round "6.9"]
[White "Mamedyarov, S."]
[Black "Kazakouski, Valery"]
[Result "1-0"]
[WhiteElo "2733"]
[BlackElo "2577"]
[PlyCount "85"]
[EventDate "2024.09.11"]
[WhiteTeam "Azerbaijan"]
[BlackTeam "Lithuania"]
[WhiteTeamCountry "AZE"]
[BlackTeamCountry "LTU"]

1. Nf3 Nf6 2. g3 c5 3. Bg2 Nc6 4. O-O e5 5. e4 d6 6. Re1 Be7 7. c3 O-O 8. h3 Be6 ({RR} 8... h6 9. d3 Re8 10. Na3 Bf8 11. Nc4 b5 12. Ne3 Rb8 13. a4 a6 14. axb5 axb5 15. Nd2 Be6 16. Nd5 Bxd5 17. exd5 Ne7 18. c4 bxc4 19. dxc4 Nf5 20. Ra7 Nd4 21. Qa4 Re7 22. Ra6 Reb7 23. Kh1 {Kazakouski,V (2577)-Trost,E (2433) chess.com INT 2024 ½-½ (70)}) 9. Na3 h6 10. d3 Qd7 $146 ({RR} 10... Re8 11. Nc2 Bf8 12. b4 cxb4 13. cxb4 a5 14. bxa5 Rxa5 15. d4 exd4 16. Nfxd4 Bd7 17. Bb2 Ra4 18. a3 Nxd4 19. Bxd4 d5 20. exd5 Rxe1+ 21. Qxe1 Bf5 22. Nb4 Qa5 23. Qe5 Rxa3 24. Rxa3 Qxa3 25. Qxf5 {Amin,B (2667)-Saric,I (2668) Munich GER 2022 ½-½ (72)}) 11. Kh2 Rfe8 12. Nc2 b5 13. Ne3 Bf8 14. a4 bxa4 15. Qxa4 Qb7 16. Nd2 Nd7 17. Nd5 Nb6 18. Qa6 Rab8 19. Nf1 Ne7 20. Nfe3 Qxa6 21. Rxa6 Rb7 22. Bd2 Nexd5 23. exd5 Bd7 24. Ra2 Be7 25. Rea1 Ra8 26. h4 h5 27. c4 Be8 28. Bc3 Bd8 29. Bxe5 dxe5 30. d6 Rab8 31. Bxb7 Rxb7 32. Rxa7 Rb8 33. b4 cxb4 34. c5 b3 35. cxb6 b2 36. Rb1 Bxb6 37. Re7 Bxe3 38. fxe3 Ba4 39. Rxe5 f6 40. Rc5 Rb3 41. Rc4 Bb5 42. Rc2 Rxd3 43. Rbxb2 1-0

[Event "Titled Tue 10th Sep Early"]
[Site "chess.com INT"]
[Date "2024.09.10"]
[Round "4"]
[White "Svane, R."]
[Black "Srihari, L R"]
[Result "1-0"]
[WhiteElo "2629"]
[BlackElo "2503"]
[PlyCount "97"]
[EventDate "2024.09.10"]

1. Nf3 Nf6 2. g3 d5 3. Bg2 c5 4. O-O Nc6 5. d4 e6 6. c4 dxc4 7. Qa4 Bd7 8. Qxc4 b5 9. Qc3 b4 10. Qd3 Rc8 11. dxc5 Bxc5 12. Be3 Bxe3 13. Qxe3 Qb6 14. Qxb6 axb6 15. Nbd2 Na5 16. Rfc1 Ke7 17. Nd4 Rhd8 $146 ({RR} 17... Rxc1+ 18. Rxc1 e5 19. N4f3 Nc6 20. e3 Rc8 21. Ne1 Rd8 22. Nc4 b5 23. Bxc6 Bxc6 24. Nxe5 Bd5 25. N5d3 b3 26. axb3 Bxb3 27. f3 Bc4 28. Rd1 g5 29. g4 h5 30. h3 hxg4 31. hxg4 Ne8 32. Nf2 {Samadov,R (2492)-Ondersteijn,N (2370) Durres ALB 2023 ½-½ (69)}) ({RR} 17... Ng4 18. Nc2 Bb5 19. Bf3 Rhd8 20. Nb3 Ne5 21. Nxb4 Nxb3 22. axb3 Rxc1+ 23. Rxc1 Rd2 24. Kg2 Rxb2 25. Rc7+ Kd6 26. Rb7 Rxb3 27. Nc2 Nxf3 28. exf3 Rb1 29. Ne3 Bc6 30. Rxf7 b5 31. Rxg7 b4 32. Rxh7 {Svane,R (2627)-Yuan,Q (2341) chess.com INT 2025 1-0 (141)}) 18. N2f3 Be8 19. e3 Rc5 20. Bf1 Rdc8 21. Rxc5 bxc5 22. Nb3 Nxb3 23. axb3 Rc7 24. Ra5 Ne4 25. Bd3 Nd6 26. Kf1 h6 27. Ke2 f6 28. Nd2 e5 29. Bc4 Bc6 30. f3 Kd7 31. e4 Nb7 32. Ra6 Nd6 33. Ra5 Nb7 34. Ra1 Nd6 35. Ke3 g6 36. h4 h5 37. Ra5 Nb7 38. Ra6 Nd6 39. Bd5 Bxd5 40. exd5 Ke7 41. Ne4 Nf5+ 42. Kd3 Rd7 43. Re6+ Kf7 44. Rxf6+ Kg7 45. Kc4 Nxg3 46. Rc6 Nf5 47. d6 Nxh4 48. Rc7 Rf7 49. Ng5 1-0

[Event "Titled Tue 10th Sep Early"]
[Site "chess.com INT"]
[Date "2024.09.10"]
[Round "5"]
[White "Nakamura, Hi"]
[Black "Svane, R."]
[Result "1-0"]
[WhiteElo "2802"]
[BlackElo "2629"]
[PlyCount "73"]
[EventDate "2024.09.10"]

1. Nf3 d5 2. e3 Nf6 3. c4 e6 4. b3 Bd6 5. Bb2 O-O 6. g3 dxc4 ({RR} 6... b6 7. Bg2 Bb7 8. O-O Nbd7 9. Qe2 Qe7 10. d3 c5 11. Nc3 a6 12. Rfd1 Rac8 13. Nh4 Bb8 14. cxd5 exd5 15. d4 Qe6 16. Qf1 cxd4 17. exd4 g6 18. Re1 Qd6 19. Qd3 Rfe8 20. Rac1 Nf8 21. Nf3 {Nakamura,H (2802)-Niemann,H (2733) Paris FRA 2024 1-0 (52)}) ({RR} 6... c5 7. cxd5 exd5 8. Bg2 Nc6 9. O-O Bf5 10. d4 c4 11. Nc3 a6 12. a4 Bb4 13. Ne5 Rc8 14. bxc4 dxc4 15. Nxc6 bxc6 16. Re1 Re8 17. Rc1 Bd3 18. Bf1 Bxf1 19. Rxf1 Qd7 20. Na2 Bd6 21. Rxc4 {Sonis,F (2565)-Shankland,S (2670) chess.com INT 2025 0-1 (54)}) 7. bxc4 Nc6 8. d4 Bb4+ 9. Bc3 $146 ({RR} 9. Nfd2 e5 10. d5 Ne7 11. Bg2 Ng6 12. O-O Qe7 13. Qc2 Bd7 14. a3 Bd6 15. Nb3 b6 16. Nc3 Rac8 17. a4 c6 18. Qd3 cxd5 19. cxd5 Rfe8 20. e4 Rc7 21. Nb5 Bxb5 22. axb5 Nd7 23. Bh3 Nc5 {Baranciuc,A (2249)-Sachilaru,A (2133) Iasi ROU 2023 ½-½ (73)}) 9... Qe7 10. Bxb4 Qxb4+ 11. Nbd2 b6 12. Bg2 Bb7 13. O-O Na5 14. Qc2 Qe7 15. e4 Rfd8 16. d5 Nd7 17. Rfe1 Nc5 18. Nb3 Naxb3 19. axb3 a5 20. Nd4 Rac8 21. Rad1 g6 22. e5 Qe8 23. dxe6 fxe6 24. Bxb7 Nxb7 25. h4 Nc5 26. Nb5 Qe7 27. Nd4 Rd7 28. Nf3 Rcd8 29. Nh2 Kg7 30. Ng4 Rxd1 31. Rxd1 Rxd1+ 32. Qxd1 Qd7 33. Qc1 Qe7 34. Qe3 Nd7 35. h5 g5 36. h6+ Kg8 37. Nf6+ 1-0

[Event "Titled Tue 10th Sep Early"]
[Site "chess.com INT"]
[Date "2024.09.10"]
[Round "6"]
[White "Carlsen, M."]
[Black "Robson, R."]
[Result "1-0"]
[WhiteElo "2832"]
[BlackElo "2700"]
[PlyCount "87"]
[EventDate "2024.09.10"]

1. Nf3 d5 2. g3 c5 3. Bg2 Nf6 4. O-O g6 5. b3 Bg7 6. Bb2 O-O 7. c4 d4 8. b4 Re8 9. bxc5 e5 10. d3 ({RR} 10. e3 Nc6 11. Na3 Nd7 12. Nb5 Nxc5 13. Ba3 Ne4 14. Nh4 a6 15. Bxe4 axb5 16. cxb5 f5 17. Bg2 Rxa3 18. bxc6 e4 19. Qc1 Qd6 20. cxb7 Bxb7 21. Rb1 Ba6 22. Re1 Rxa2 23. Ra1 Rxa1 24. Qxa1 Bc8 {Duda,J (2734)-Shevchenko,K (2677) Warsaw POL 2024 1-0 (48)}) 10... Nfd7 ({RR} 10... Na6 11. Nbd2 Nxc5 12. Ba3 Qc7 13. Nb3 Na4 14. Nbxd4 Nc3 15. Nb5 Nxb5 16. cxb5 e4 17. Nd2 exd3 18. exd3 Bf5 19. Rc1 Qd7 20. Nc4 Bxd3 21. Bxb7 Qxb7 22. Qxd3 {½-½ (22) Pantsulaia,L (2538)-Saric,I (2652) Eforie Nord ROU 2025}) 11. Nfd2 Nxc5 12. a4 $146 ({RR} 12. Ba3 Nba6 13. Ne4 Nxe4 14. Bxe4 Rb8 15. Nd2 Qc7 16. Rb1 f5 17. Bd5+ Kh8 18. Qb3 Bd7 19. Rfc1 Bh6 20. Rc2 Nc5 21. Bxc5 Qxc5 22. Qb4 b6 23. Qxc5 bxc5 24. Nb3 Rb6 25. Ra1 Ba4 26. Rb2 Reb8 {Malikentzos,S (2428)-Naoum,S (2299) Patras 2019 1-0 (42)}) 12... Nc6 13. Ba3 Bf8 14. Nb3 Nxb3 15. Qxb3 Na5 16. Qb2 Rb8 17. Bxf8 Kxf8 18. Nd2 Bf5 19. Rae1 Qd6 20. f4 Nc6 21. Qb5 Kg7 22. a5 a6 23. Qd5 Qc7 24. Qc5 Re7 25. Bxc6 bxc6 26. fxe5 Qxe5 27. Qxe5+ Rxe5 28. Nf3 Rxa5 29. Nxd4 Bd7 30. Ra1 Rxa1 31. Rxa1 c5 32. Nf3 Rb6 33. Ra5 Bg4 34. Kf2 Bxf3 35. Kxf3 Rc6 36. Ke4 Re6+ 37. Kd5 Rxe2 38. Kxc5 Rxh2 39. d4 h5 40. d5 g5 41. d6 h4 42. Kc6 Rc2 43. Rxg5+ Kf6 44. Rg4 1-0

[Event "Titled Tue 10th Sep Early"]
[Site "chess.com INT"]
[Date "2024.09.10"]
[Round "9"]
[White "Carlsen, M."]
[Black "Indjic, A."]
[Result "1-0"]
[WhiteElo "2832"]
[BlackElo "2611"]
[PlyCount "59"]
[EventDate "2024.09.10"]

1. Nf3 d5 2. g3 Bg4 3. c4 Bxf3 4. exf3 dxc4 5. Bxc4 e6 6. d4 Nf6 7. Nc3 c6 8. Be3 Nbd7 9. Qe2 Be7 10. O-O O-O 11. h4 $146 ({RR} 11. Rfd1 a5 12. a3 Nb6 13. Ba2 Nbd5 14. Ne4 Nxe3 15. Nxf6+ Bxf6 16. fxe3 Qb6 17. Rac1 Rfd8 18. Rc2 Rd7 19. Kg2 Rad8 20. f4 g6 21. Rcd2 h5 22. h3 Kg7 23. Bc4 Qc7 24. Qf3 b5 25. Be2 Qb6 {Carlsen,M (2833)-Indjic,A (2650) chess.com INT 2025 1-0 (40)}) 11... Re8 12. Rad1 a5 13. a3 Nb6 14. Ba2 Nbd5 15. Bc1 Qb6 16. Ne4 Rad8 17. Kg2 h6 18. Rfe1 Nc7 19. Bb1 Nb5 20. Qd3 Nxd4 21. Be3 c5 22. Nxf6+ Bxf6 23. Qh7+ Kf8 24. g4 Nc6 25. g5 hxg5 26. hxg5 Bxb2 27. Be4 Rxd1 28. Rxd1 Be5 29. Rb1 Qa7 30. Rxb7 1-0

[Event "Titled Tue 10th Sep Late"]
[Site "chess.com INT"]
[Date "2024.09.10"]
[Round "5"]
[White "Carlsen, M."]
[Black "Chigaev, M."]
[Result "1-0"]
[WhiteElo "2832"]
[BlackElo "2624"]
[PlyCount "81"]
[EventDate "2024.09.10"]

1. Nf3 Nf6 2. g3 g6 3. b4 Bg7 4. Bb2 O-O 5. Bg2 d6 6. c4 e5 7. O-O Re8 ({RR} 7... h6 8. Nc3 Re8 9. d3 Be6 10. Nd2 c6 11. b5 d5 12. bxc6 bxc6 13. Rb1 Nbd7 14. Ba3 Rb8 15. Qa4 Qc7 16. cxd5 Nxd5 17. Nce4 f5 18. Bd6 Qd8 19. Bxb8 Nxb8 20. Nc5 Bf7 21. Rfc1 e4 22. d4 {Carlsen,M (2830)-Degenbaev,A (2227) chess.com INT 2024 1-0 (34)}) 8. d3 Nbd7 ({RR} 8... a5 9. b5 Nbd7 10. Nfd2 Nc5 11. Nc3 h5 12. Nb3 h4 13. Nxc5 dxc5 14. Qc2 Rb8 15. Nd5 h3 16. Bh1 b6 17. e4 Bd7 18. a4 Nxd5 19. cxd5 f5 20. f4 Qe7 21. Rae1 Qd6 22. Qf2 Re7 23. Re2 {Idani,P (2599)-Sjugirov,S (2644) chess.com INT 2024 1-0 (40)}) 9. Nfd2 $146 ({RR} 9. Nbd2 h6 10. Qc2 Qe7 11. e4 c5 12. bxc5 dxc5 13. Nb1 Qd6 14. Nc3 a6 15. a4 Nb8 16. a5 Nc6 17. Nd5 Nxd5 18. cxd5 Nb4 19. Qc3 Bd7 20. Nd2 Bb5 21. Nc4 Bxc4 22. Qxc4 b6 23. Rfc1 Rec8 {Sievers,S (2377)-Schwarz,F (2227) Germany 2007 ½-½ (60)}) ({RR} 9. Nc3 c6 10. Nd2 Nf8 11. b5 d5 12. bxc6 bxc6 13. Qa4 Bd7 14. Qa3 Ne6 15. cxd5 cxd5 16. Nxd5 Nxd5 17. Bxd5 Bf8 18. Qb3 Rb8 19. Qc2 Ba4 20. Bb3 Rc8 21. Nc4 Bc6 22. Nxe5 Ba8 23. Qd2 Bg7 {Xiong,J (2691)-Swiercz,D (2652) Chess.com INT 2022 1-0 (42)}) 9... h5 10. Nc3 Nf8 11. a4 a6 12. b5 Rb8 13. Rb1 h4 14. Ba3 Bf5 15. e4 Bd7 16. Nd5 Nxd5 17. cxd5 axb5 18. axb5 Ra8 19. Nc4 b6 20. Bc1 Nh7 21. Be3 h3 22. Bf3 Bf6 23. Bg4 Bg5 24. f4 Bh6 25. f5 Bxe3+ 26. Nxe3 Qg5 27. Qe2 Nf6 28. Bxh3 Kg7 29. Qd2 Rh8 30. Bg2 Ng4 31. Nc4 Qxd2 32. Nxd2 gxf5 33. exf5 Nxh2 34. f6+ Kf8 35. Rfc1 Rc8 36. Ra1 Ng4 37. Ne4 Bf5 38. Ra7 Rh6 39. Rcxc7 Rxc7 40. Rxc7 Bxe4 41. Rc8# 1-0

[Event "Titled Tue 10th Sep Late"]
[Site "chess.com INT"]
[Date "2024.09.10"]
[Round "6"]
[White "Nakamura, Hi"]
[Black "Dudin, Gleb"]
[Result "1-0"]
[WhiteElo "2802"]
[BlackElo "2545"]
[PlyCount "67"]
[EventDate "2024.09.10"]

1. Nf3 Nf6 2. g3 g6 3. b3 Bg7 4. Bb2 O-O 5. Bg2 d6 6. d4 Ne4 ({RR} 6... e5 7. dxe5 dxe5 8. Qxd8 Rxd8 9. Nxe5 Ng4 10. Nd3 Bxb2 11. Nxb2 Nc6 12. Bxc6 bxc6 13. Nc3 c5 14. Nd3 c4 15. bxc4 Be6 16. c5 Rab8 17. O-O Nf6 18. Rab1 Nd5 19. Nxd5 Bxd5 20. a3 a5 21. f3 {Gelfand,B (2729)-Radjabov,T (2728) Rishon Le Ziyyon 2006 1-0 (47)}) 7. Nbd2 d5 $146 ({RR} 7... Nxd2 8. Qxd2 d5 9. O-O Nd7 10. Rac1 e6 11. c4 c6 12. Qd3 Nc5 13. Qc2 Ne4 14. Nd2 Nxd2 15. Qxd2 b6 16. cxd5 cxd5 17. Rc2 Bb7 18. Rfc1 Rc8 19. Rxc8 Bxc8 20. Qf4 Ba6 21. Ba3 Re8 22. e3 {Barcza,G-Udovcic,M Leningrad 1967 1-0 (77)}) ({RR} 7... Nxd2 8. Qxd2 c5 9. c4 cxd4 10. Nxd4 Qb6 11. O-O Nc6 12. Nxc6 bxc6 13. Bxg7 Kxg7 14. Qc3+ Kg8 15. c5 dxc5 16. Rac1 Bb7 17. Qxc5 Rfd8 18. Qg5 a5 19. Rc4 Qb5 20. Qe3 Rd6 21. Rh4 h5 22. Qxe7 {Hrbek,S (2340)-Frank,A (2391) Jaromerice nad Rokytnou CZE 2023 ½-½ (55)}) 8. Ne5 Nxd2 9. Qxd2 c6 10. O-O Nd7 11. Nd3 a5 12. c4 Nf6 13. cxd5 Nxd5 14. e4 Nc7 15. Qe3 Nb5 16. e5 a4 17. Nc5 a3 18. Bc3 Ra7 19. Rad1 b6 20. Na4 Bg4 21. Rd2 Qc7 22. Ba1 Rd8 23. Rc1 Qb8 24. Rxc6 Nc7 25. Rxb6 Qc8 26. Rc6 Qb8 27. Nc3 Bd7 28. Rc4 h5 29. d5 Bf5 30. h3 Ra5 31. f4 Na6 32. Rdd4 Bf8 33. Kh2 Bh6 34. b4 1-0

[Event "Titled Tue 10th Sep Late"]
[Site "chess.com INT"]
[Date "2024.09.10"]
[Round "9"]
[White "Nakamura, Hi"]
[Black "Bortnyk, Olexandr"]
[Result "1-0"]
[WhiteElo "2802"]
[BlackElo "2608"]
[PlyCount "141"]
[EventDate "2024.09.10"]

1. Nf3 Nf6 2. g3 b6 3. Bg2 Bb7 4. c4 g6 5. d4 Bg7 6. O-O O-O 7. Bf4 e6 ({RR} 7... d6 8. Qc2 c5 9. d5 b5 10. e4 bxc4 11. Nbd2 a5 12. Nxc4 Ba6 13. Nfd2 Nbd7 14. Rfe1 Ng4 15. Rab1 Bd4 16. Re2 Nb6 17. b3 Rb8 18. h3 Nxc4 19. Nxc4 Ne5 20. Ree1 Bxc4 21. bxc4 Rb4 22. Bxe5 {Neef,M (2480)-Papp,G (2530) Viernheim GER 2024 0-1 (49)}) ({RR} 7... d6 8. Qc2 Be4 9. Qc1 Re8 10. Nc3 Bb7 11. d5 a5 12. e4 Nfd7 13. Bh6 Bh8 14. Qe3 Na6 15. Rad1 Nac5 16. Rfe1 e6 17. dxe6 Rxe6 18. Nd4 Re8 19. h3 a4 20. Nd5 Ne5 21. Qe2 Ba6 22. b3 {Carlsen,M (2832)-Bortnyk,O (2608) chess.com INT 2024 0-1 (55)}) 8. Qc2 Na6 9. Nc3 d5 10. cxd5 $146 ({RR} 10. Ne5 c5 11. dxc5 bxc5 12. Rfd1 Qe7 13. Qa4 d4 14. Nb5 Bxg2 15. Kxg2 Qb7+ 16. f3 Nh5 17. Nd3 Nxf4+ 18. Nxf4 Rfd8 19. Nd3 Qc6 20. Nc3 Qb6 21. Ne4 f5 22. Nef2 Rab8 23. a3 e5 24. b4 Re8 {Pantsulaia,L (2612)-Ponkratov,P (2613) Riadh 2017 1-0 (100)}) 10... Nb4 11. Qb3 Nbxd5 12. Ne5 Nxc3 13. bxc3 Bxg2 14. Kxg2 c5 15. Nf3 Rc8 16. Rac1 Qe7 17. Rfd1 Rfd8 18. Be5 Ne4 19. a4 Qb7 20. Bxg7 Kxg7 21. Kg1 Qa6 22. c4 cxd4 23. Nxd4 Nc5 24. Qe3 Qxa4 25. h4 h5 26. Kh2 a5 27. Rd2 Qe8 28. Rb2 e5 29. Nf3 e4 30. Ng5 Rc6 31. Rcb1 Rdd6 32. Nh3 Qe5 33. Nf4 Ne6 34. Rb5 Qf6 35. Nd5 Qd4 36. Nxb6 Qxe3 37. fxe3 a4 38. Nxa4 Rxc4 39. R5b4 Rc2 40. R1b2 Rdd2 41. Rxc2 Rxc2 42. Rxe4 Rxe2+ 43. Kg1 Kf6 44. Nc3 Rc2 45. Nd5+ Kf5 46. Rb4 Ke5 47. Nb6 Kf5 48. Nc4 Ra2 49. Nd6+ Ke5 50. Nxf7+ Kd5 51. Nh8 Nc5 52. Nxg6 Ne4 53. Rd4+ Ke6 54. Rxe4+ Kf5 55. Re5+ Kg4 56. Nf4 Kxg3 57. Nxh5+ Kf3 58. Nf6 Kg3 59. Rg5+ Kf3 60. h5 Ra1+ 61. Kh2 Ra2+ 62. Kh3 Ra1 63. Rg3+ Kf2 64. Kg4 Ra4+ 65. e4 Ra6 66. Rf3+ Kg2 67. h6 Ra8 68. h7 Rh8 69. Rg3+ Kf2 70. Rh3 Kg2 71. e5 1-0

[Event "45th Olympiad 2024"]
[Site "Budapest HUN"]
[Date "2024.09.19"]
[Round "8.12"]
[White "Onischuk, V."]
[Black "Sosa, T ARG"]
[Result "1-0"]
[WhiteElo "2610"]
[BlackElo "2515"]
[PlyCount "105"]
[EventDate "2024.09.11"]
[WhiteTeam "Ukraine"]
[BlackTeam "Argentina"]
[WhiteTeamCountry "UKR"]
[BlackTeamCountry "ARG"]

1. Nf3 d5 2. g3 Bg4 3. Bg2 Nd7 4. O-O Ngf6 5. d4 e6 6. c4 c6 7. Qb3 Qb6 8. c5 Qa6 9. Nc3 b6 10. cxb6 axb6 11. e4 dxe4 12. Ne5 Nxe5 13. dxe5 Nd5 14. Nxe4 Be2 $146 ({RR} 14... Bb4 15. Nf6+ gxf6 16. Bxd5 cxd5 17. Qxb4 Bh3 18. Re1 fxe5 19. Qh4 Bf5 20. Qf6 Rg8 21. Bg5 Qb7 22. Rxe5 Be4 23. f3 Rg6 24. Qh8+ Kd7 25. Qxh7 Kd6 26. Bf4 Rxg3+ 27. hxg3 Bxh7 28. Rh5+ Ke7 29. Rxh7 {Matnadze,A (2210)-Tqeshelashvili,S (2300) Tbilisi 1998 0-1 (37)}) 15. Re1 Qc4 16. Bd2 Be7 17. Nc3 Qxb3 18. axb3 Ba6 19. Nxd5 exd5 20. Bf1 Bb7 21. Rxa8+ Bxa8 22. Ra1 O-O 23. Ra7 Re8 24. b4 Kf8 25. Bd3 h6 26. f4 c5 27. Bb5 Rc8 28. f5 cxb4 29. f6 Bc5+ 30. Kf1 gxf6 31. e6 fxe6 32. Bxh6+ Kg8 33. Bd7 b5 34. Bxe6+ Kh8 35. Bg7+ Kh7 36. Bf5+ Kg8 37. Be6+ Kh7 38. Bf5+ Kg8 39. Bxc8 Bxa7 40. Bxf6 Kf7 41. Be5 b3 42. Ke2 Bg1 43. h4 d4 44. Bf4 Be4 45. Kf1 Bh2 46. Kf2 Kf6 47. Bd7 b4 48. Bh3 d3 49. Bg2 Bg6 50. Bf3 Ke6 51. Kg2 Bxg3 52. Kxg3 Kf6 53. Bd2 1-0

[Event "45th Olympiad 2024"]
[Site "Budapest HUN"]
[Date "2024.09.20"]
[Round "9.5"]
[White "Sargissian, G."]
[Black "Bluebaum, M."]
[Result "1-0"]
[WhiteElo "2646"]
[BlackElo "2640"]
[PlyCount "79"]
[EventDate "2024.09.11"]
[WhiteTeam "Armenia"]
[BlackTeam "Germany"]
[WhiteTeamCountry "ARM"]
[BlackTeamCountry "GER"]

1. Nf3 d5 2. g3 Nf6 3. Bg2 c5 4. O-O e6 5. c4 d4 6. e3 Nc6 7. exd4 cxd4 8. d3 h6 9. Bf4 Bd6 10. Bxd6 Qxd6 11. Nbd2 O-O 12. a3 a5 13. Re1 e5 14. Rc1 Be6 15. c5 Qc7 16. Nc4 Nd7 17. Qe2 Rfe8 $146 ({RR} 17... e4 18. dxe4 Nxc5 19. Ncd2 Qb6 20. Nc4 Qc7 21. Ncd2 Qe7 22. Qb5 Na6 23. Ne5 Nab8 24. Ndc4 a4 25. Nd3 Rd8 26. e5 Bxc4 27. Qxc4 Ra5 28. e6 fxe6 29. Rxe6 Qf7 30. Rce1 Nd7 31. Bxc6 bxc6 32. Re8+ {Gagunashvili,M (2580)-Arutinian,D (2551) Tbilisi 2020 1-0 (34)}) 18. Nd6 Rf8 19. Nh4 a4 20. Nhf5 Kh7 21. Qh5 Nf6 22. Qh4 Bxf5 23. Nxf5 Rh8 24. f4 exf4 25. gxf4 Qd8 26. Nd6 Qc7 27. Ne4 Nxe4 28. Bxe4+ g6 29. Qf6 Rhf8 30. f5 g5 31. Qd6 Qxd6 32. f6+ Kg8 33. cxd6 Nd8 34. d7 Ra6 35. Bf5 Ne6 36. Rc8 Rd6 37. Rxe6 fxe6 38. Bxe6+ Rxe6 39. Rxf8+ Kxf8 40. d8=Q+ 1-0